Strategie der wirtschaftlichen Integration

Enregistré dans:
Détails bibliographiques
Auteur principal: El-Shagi, El-Shagi
Format: Livre
Langue:allemand
Publié: Berlin Duncker und Humblot 1980
Collection:Volkswirtschaftliche Schriften Heft 298
Tags: Ajouter un tag
Pas de tags, Soyez le premier à ajouter un tag!

MARC

LEADER 00000nam a2200000 4500
001 c136994
005 20041019155308.6
041 0 |a ger 
044 |a DE 
245 1 0 |a Strategie der wirtschaftlichen Integration  |c El-Shagi El-Shagi 
264 1 |a Berlin  |b Duncker und Humblot  |c 1980 
300 |a 310 s. 
490 1 |a Volkswirtschaftliche Schriften  |v Heft 298 
830 0 |a Volkswirtschaftliche Schriften  |v Heft 298 
100 1 |a El-Shagi, El-Shagi